[Event "BEL-ch U14 Girls"]
[Site "Blankenberge"]
[Date "2015.04.15"]
[Round "6"]
[White "Decellier, Lise"]
[Black "Blond Hanten, Elsa"]
[Result "0-1"]
[WhiteElo "1165"]
[BlackElo "1449"]
[PlyCount "36"]
[EventDate "2015.04.12"]
[EventType "swiss"]
[EventRounds "9"]
[EventCountry "BEL"]
[SourceTitle "CBM 166 Extra"]
[Source "ChessBase"]
[SourceDate "2015.06.18"]
[SourceVersion "1"]
[SourceVersionDate "2015.06.18"]
[SourceQuality "1"]

1. e4 e5 2. Nf3 Nc6 3. d4 exd4 4. Bc4 Nf6 5. Nxd4 Nxe4 6. Nf3 Nf6 7. Ng5 d5 8. Bb5 Bd7 9. Nc3 Bb4 10. 0-0 Bxc3 11. bxc3 0-0 12. Qe2 Re8 13. Qf3 Ne5 14. Qe2 Nc4 15. Qd3 Bxb5 16. Ba3 Nxa3 17. Qd4 Bxf1 18. Rc1 Bc4 0-1